[Event "Jack Boardman mem."]
[Site "Winnipeg CAN"]
[Date "2016.04.19"]
[Round "3"]
[White "Huston-Earle, Joshua"]
[Black "Marshall, Carter"]
[Result "1-0"]
[WhiteElo "1582"]
[BlackElo "1297"]
[PlyCount "65"]
[EventDate "2016.04.05"]
[EventType "swiss"]
[EventRounds "4"]
[EventCountry "CAN"]

1. f4 Nf6 2. Nf3 d5 3. c4 Bg4 4. e3 e6 5. Be2 Bxf3 6. Bxf3 c6 7. Nc3 Nbd7 8.
O-O Bc5 9. d4 Bd6 10. Re1 O-O 11. e4 Bb4 12. Qb3 a5 13. c5 dxe4 14. Bxe4 Ng4
15. g3 Ndf6 16. Qc4 b5 17. Qd3 Qd7 18. Re2 Rad8 19. a3 Bxc5 20. Rd2 Bxd4+ 21.
Qxd4 Qxd4+ 22. Rxd4 Rxd4 23. Bxc6 b4 24. axb4 axb4 25. Ra4 Rd1+ 26. Nxd1 Rc8
27. Bf3 Kf8 28. Ra8 Rxa8 29. Bxa8 e5 30. Ne3 Nxe3 31. Bxe3 e4 32. Bd4 Nd5 33.
Bxd5 1-0

[Event "Jack Boardman mem."]
[Site "Winnipeg CAN"]
[Date "2016.04.19"]
[Round "3"]
[White "Marshall, Ken"]
[Black "Leaden, Bruce"]
[Result "1/2-1/2"]
[WhiteElo "1324"]
[BlackElo "1532"]
[PlyCount "89"]
[EventDate "2016.04.05"]
[EventType "swiss"]
[EventRounds "4"]
[EventCountry "CAN"]

1. e4 e6 2. d4 d5 3. e5 c5 4. Nf3 Nc6 5. Bb5 Bd7 6. c4 a6 7. Ba4 dxc4 8. d5
exd5 9. Qxd5 Nge7 10. Qxc4 b5 11. Bxb5 axb5 12. Qxb5 Nd4 13. Qxc5 Nxf3+ 14.
gxf3 Qa5+ 15. Qxa5 Rxa5 16. Nc3 Rxe5+ 17. Ne4 Nd5 18. O-O Be7 19. a4 O-O 20. b3
Nf6 21. Re1 Nxe4 22. fxe4 Bc5 23. Bf4 Re6 24. Rac1 Rg6+ 25. Bg3 Bb4 26. Red1
Be6 27. Rd4 Be7 28. b4 Bb3 29. b5 Ra8 30. Ra1 Bf6 31. Rb4 Bxa1 32. Rxb3 Rxa4
33. b6 Rxg3+ 34. hxg3 Be5 35. b7 g6 36. b8=Q+ Bxb8 37. Rxb8+ Kg7 38. Re8 g5 39.
e5 h5 40. Re7 Re4 41. f3 Re2 42. Kf1 Ra2 43. e6 Kf6 44. Rxf7+ Kxe6 45. Rh7
1/2-1/2

[Event "Jack Boardman mem."]
[Site "Winnipeg CAN"]
[Date "2016.04.19"]
[Round "3"]
[White "Rutter, Blair"]
[Black "Le Dorze, Phil"]
[Result "0-1"]
[WhiteElo "1948"]
[BlackElo "1817"]
[PlyCount "108"]
[EventDate "2016.04.05"]
[EventType "swiss"]
[EventRounds "4"]
[EventCountry "CAN"]

1. c4 Nf6 2. g3 e6 3. Bg2 d5 4. d4 c6 5. c5 Nbd7 6. Nc3 e5 7. e3 Be7 8. Nge2
O-O 9. O-O Re8 10. b4 Bf8 11. Rb1 exd4 12. exd4 Ne4 13. Nxe4 dxe4 14. Nc3 f5
15. d5 cxd5 16. Qxd5+ Kh8 17. Rd1 Qf6 18. Bb2 Ne5 19. a3 Qf7 20. Qd2 Be6 21.
Nb5 Nd3 22. Ba1 Red8 23. Qe3 Ba2 24. Rbc1 Nxc1 25. Rxc1 Rd3 26. Qf4 Rad8 27.
Nd6 Bxd6 28. cxd6 R3xd6 29. h4 Rd1+ 30. Kh2 Rxc1 31. Qxc1 Bb3 32. Qg5 Rd1 33.
Be5 h6 34. Qxh6+ Kg8 35. Qg5 Rd5 36. Bf4 Bd1 37. Bf1 Bb3 38. Be2 Qf6 39. Qh5 g6
40. Qh6 Rd7 41. Be3 Rh7 42. Qf4 a6 43. Kg2 Rd7 44. Qb8+ Qd8 45. Qe5 Qe7 46. Qc3
Bd5 47. Kh2 Bc6 48. Bc5 Qg7 49. Bc4+ Kh7 50. Qe3 g5 51. hxg5 Kg6 52. Be2 Qh8+
53. Kg1 Rh7 54. Bf3 Qa1+ 0-1

[Event "Jack Boardman mem."]
[Site "Winnipeg CAN"]
[Date "2016.04.19"]
[Round "3"]
[White "Skop, Mike"]
[Black "Letain, Cory"]
[Result "0-1"]
[WhiteElo "1676"]
[BlackElo "1647"]
[PlyCount "98"]
[EventDate "2016.04.05"]
[EventType "swiss"]
[EventRounds "4"]
[EventCountry "CAN"]

1. e4 e5 2. f4 d5 3. exd5 e4 4. Nc3 Nf6 5. d3 Bb4 6. a3 Bxc3+ 7. bxc3 Qxd5 8.
Be3 O-O 9. Ne2 Bf5 10. d4 Ng4 11. Qd2 Nxe3 12. Qxe3 Nd7 13. c4 Qxc4 14. Nc3 Qc6
15. Bb5 Qb6 16. Rb1 Qa5 17. O-O Qxa3 18. Rb3 Qd6 19. Bxd7 Bxd7 20. Rxb7 Bc6 21.
Rbb1 Rfe8 22. f5 a5 23. Rf4 a4 24. Nxe4 a3 25. Nxd6 Rxe3 26. Nc4 a2 27. Ra1 Rc3
28. Ne5 Rxc2 29. Nxc6 Rxc6 30. Rf2 Rca6 31. Rb2 h6 32. Kf2 Ra3 33. Ke2 Re8+ 34.
Kd2 Re4 35. Raxa2 Rxd4+ 36. Ke2 Rxa2 37. Rxa2 f6 38. Rc2 Rf4 39. Rxc7 Rxf5 40.
Rc3 h5 41. Rf3 Rxf3 42. Kxf3 Kf7 43. Kf4 Ke6 44. h4 g6 45. g3 Kd5 46. g4 hxg4
47. Kxg4 Ke4 48. h5 gxh5+ 49. Kxh5 Kf4 0-1

[Event "Jack Boardman mem."]
[Site "Winnipeg CAN"]
[Date "2016.04.19"]
[Round "3"]
[White "Wolchock, Theo"]
[Black "Bonness, Will"]
[Result "1-0"]
[WhiteElo "1941"]
[BlackElo "1770"]
[PlyCount "87"]
[EventDate "2016.04.05"]
[EventType "swiss"]
[EventRounds "4"]
[EventCountry "CAN"]

1. c4 c5 2. g3 g6 3. Bg2 Bg7 4. Nc3 d6 5. e3 e5 6. Nge2 Ne7 7. O-O O-O 8. d4
Nd7 9. a3 Rb8 10. b4 a6 11. Bb2 b6 12. d5 f5 13. f4 e4 14. Qc2 Nf6 15. h3 h5
16. Rab1 cxb4 17. axb4 Qc7 18. Qb3 Bd7 19. Rfc1 Rfc8 20. Nd1 Qb7 21. Bxf6 Bxf6
22. Nec3 Rc7 23. Qa2 Qc8 24. Bf1 Ra8 25. Nf2 Bxc3 26. Rxc3 Kh7 27. Qd2 Qh8 28.
Rbc1 Qf6 29. h4 a5 30. Ra3 Rca7 31. Rca1 a4 32. Rc1 Nc8 33. Bg2 Rc7 34. Bxe4
fxe4 35. Nxe4 Qe7 36. Qd4 Bf5 37. Nf6+ Kg7 38. Ne8+ Kf7 39. Nxc7 Qxc7 40. e4
Bg4 41. e5 dxe5 42. fxe5 Qe7 43. Rf1+ Bf5 44. e6+ 1-0

[Event "Jack Boardman mem."]
[Site "Winnipeg CAN"]
[Date "2016.04.19"]
[Round "3"]
[White "Zashev, Aleksandar"]
[Black "Valentino, Marcos"]
[Result "1-0"]
[WhiteElo "1985"]
[BlackElo "2207"]
[PlyCount "58"]
[EventDate "2016.04.05"]
[EventType "swiss"]
[EventRounds "4"]
[EventCountry "CAN"]

1. d4 d6 2. e4 Nf6 3. Nc3 Nbd7 4. g3 e5 5. Bg2 Be7 6. Nge2 O-O 7. O-O c6 8. h3
Qc7 9. Be3 a5 10. Qd2 a4 11. Rad1 exd4 12. Nxd4 Ne5 13. b3 axb3 14. axb3 c5 15.
Ndb5 Qa5 16. f4 Nc6 17. Ra1 Qxa1 18. Rxa1 Rxa1+ 19. Kh2 Rd8 20. g4 Nb4 21. g5
Nd7 22. Nc7 Nb6 23. Qf2 Bd7 24. f5 Bc6 25. Qd2 Rc8 26. N7d5 Bxd5 27. exd5 Nd7
28. Bf4 Re8 29. Qe2 Ne5 {scoresheets deteriorate - White won in 54} 1-0

[Event "Jack Boardman mem."]
[Site "Winnipeg CAN"]
[Date "2016.04.26"]
[Round "4"]
[White "Atem, James"]
[Black "Bonness, Will"]
[Result "0-1"]
[WhiteElo "1855"]
[BlackElo "1770"]
[PlyCount "149"]
[EventDate "2016.04.05"]
[EventType "swiss"]
[EventRounds "4"]
[EventCountry "CAN"]

1. e4 c5 2. d4 cxd4 3. Qxd4 Nc6 4. Qd1 Nf6 5. Nd2 g6 6. Ngf3 d6 7. c3 Bg7 8.
Bc4 O-O 9. Bd3 Bg4 10. h3 Bxf3 11. Nxf3 Nd7 12. Bc2 Nde5 13. Be3 Nxf3+ 14. Qxf3
Ne5 15. Qe2 Qc7 16. Bb3 a6 17. g4 Nd7 18. Bd4 Bxd4 19. cxd4 Qa5+ 20. Kf1 Qg5
21. h4 Qf4 22. g5 Rac8 23. Qe3 Qxe3 24. fxe3 Kg7 25. h5 f5 26. gxf6+ Nxf6 27.
hxg6 Nxe4+ 28. Kg1 hxg6 29. Bd5 Ng5 30. Bb3 Rf3 31. Re1 Rcf8 32. Bd5 Rf2 33. b4
Rb2 34. Bxb7 Nf3+ 35. Bxf3 Rxf3 36. Rh2 Rxh2 37. Kxh2 Rf2+ 38. Kg3 Rxa2 39. Rb1
g5 40. Rb3 Kf6 41. Kf3 d5 42. b5 axb5 43. Rxb5 e6 44. Rc5 Ra7 45. Rb5 Rg7 46.
Kg4 Rh7 47. Rb8 Rh4+ 48. Kf3 Rh3+ 49. Kf2 Kf5 50. Rf8+ Ke4 51. Rf6 e5 52. Re6
Rf3+ 53. Kg2 Rxe3 54. Rxe5+ Kxd4 55. Rxg5 Kc4 56. Kf2 Re8 57. Rg7 d4 58. Rc7+
Kd3 59. Rc5 Kd2 60. Rd5 Rf8+ 61. Kg3 d3 62. Rc5 Kd1 63. Kg2 d2 64. Rc7 Rf5 65.
Kg3 Ke2 66. Re7+ Kd3 67. Rd7+ Ke3 68. Re7+ Kd3 69. Kg2 Rf4 70. Kg3 Rd4 71. Kf2
d1=Q 72. Re3+ Kc2 73. Re2+ Rd2 74. Rxd2+ Qxd2+ 75. Kf3 0-1

[Event "Jack Boardman mem."]
[Site "Winnipeg CAN"]
[Date "2016.04.26"]
[Round "4"]
[White "Baron, Gustav"]
[Black "Kernetsky, Myron"]
[Result "1-0"]
[WhiteElo "2152"]
[BlackElo "2024"]
[PlyCount "83"]
[EventDate "2016.04.05"]
[EventType "swiss"]
[EventRounds "4"]
[EventCountry "CAN"]

1. d4 Nf6 2. Nf3 e6 3. Bg5 h6 4. Bh4 c5 5. e3 Be7 6. c3 Qb6 7. Qb3 Nc6 8. Nbd2
d5 9. Bd3 c4 10. Qxb6 axb6 11. Bc2 b5 12. O-O b4 13. e4 bxc3 14. bxc3 O-O 15.
a4 Re8 16. Rfb1 Na5 17. e5 Nd7 18. Bxe7 Rxe7 19. g3 Nf8 20. Nh4 Rc7 21. f4 Rc6
22. Ng2 Rca6 23. Ne3 Nc6 24. f5 Nd8 25. g4 Bd7 26. Rb4 b5 27. Ndf1 bxa4 28. Ra3
Bc6 29. Ng3 Nd7 30. h4 Kf8 31. g5 hxg5 32. hxg5 Rb8 33. Rxb8 Nxb8 34. Nh5 Nd7
35. Kf2 Ra5 36. Ra1 a3 37. f6 g6 38. Ng7 Nb7 39. Ng4 a2 40. Rh1 Kg8 41. Nh6+
Kf8 42. Nhf5 1-0

[Event "Jack Boardman mem."]
[Site "Winnipeg CAN"]
[Date "2016.04.26"]
[Round "4"]
[White "Bince, Rolando"]
[Black "Wolchock, Theo"]
[Result "0-1"]
[WhiteElo "2077"]
[BlackElo "1941"]
[PlyCount "53"]
[EventDate "2016.04.05"]
[EventType "swiss"]
[EventRounds "4"]
[EventCountry "CAN"]

1. e4 c5 2. Nc3 Nc6 3. Nf3 g6 4. Bb5 Bg7 5. O-O d6 6. d4 cxd4 7. Nxd4 Bd7 8.
Be3 Nf6 9. f3 O-O 10. Qd2 Rc8 11. a3 Ne5 12. Bxd7 Nc4 13. Qc1 Nxd7 14. Bf2 Qa5
15. Nd5 Rfe8 16. c3 e6 17. Nb4 Nc5 18. b3 Ne5 19. Qd1 Red8 20. Qe2 a6 21. Rfe1
Qc7 22. c4 Qe7 23. Rab1 h5 24. Nbc2 Bf6 25. Be3 d5 26. exd5 exd5 27. Qf1 {
Black won much later despite time trouble starting now. White did not submit
scoresheet.} 0-1

[Event "Jack Boardman mem."]
[Site "Winnipeg CAN"]
[Date "2016.04.26"]
[Round "4"]
[White "Clark, Jeff"]
[Black "Zashev, Aleksandar"]
[Result "1-0"]
[WhiteElo "2017"]
[BlackElo "1985"]
[PlyCount "126"]
[EventDate "2016.04.05"]
[EventType "swiss"]
[EventRounds "4"]
[EventCountry "CAN"]

1. Nf3 Nf6 2. c4 d6 3. d4 g6 4. Nc3 Bg7 5. e4 O-O 6. Be2 Nbd7 7. O-O c6 8. h3
e5 9. dxe5 dxe5 10. Be3 Qe7 11. Qc2 a5 12. Rfd1 Nc5 13. Bf1 Nh5 14. Qd2 f5 15.
Qd6 Qxd6 16. Rxd6 Ne6 17. Rad1 f4 18. Bb6 Re8 19. c5 Bf8 20. Bc4 Kg7 21. a4
Bxd6 22. cxd6 Nf8 23. Ng5 h6 24. Bf7 Nd7 25. Bxe8 Nxb6 26. Nf3 Bd7 27. Bxd7
Nxd7 28. Nd2 Kf6 29. Nc4 Ng7 30. Kf1 Ne6 31. Ne2 Nec5 32. Nc3 Ne6 33. Ne2 b5
34. axb5 cxb5 35. Na3 b4 36. Nb5 a4 37. Nc7 Nxc7 38. dxc7 Ke6 39. Rc1 Rc8 40.
Rc6+ Kf7 41. Rc4 b3 42. Nc3 a3 43. bxa3 b2 44. Ke2 Nb6 45. Rc6 Na4 46. Nb1 Ke8
47. Rc4 Nb6 48. Rb4 Nd7 49. Rc4 Nb6 50. Rb4 Nd7 51. Rxb2 Rxc7 52. Ra2 Rc4 53.
Kd3 Rd4+ 54. Kc3 Nc5 55. f3 Kd7 56. Rd2 Ne6 57. a4 Kc6 58. Rxd4 exd4+ 59. Kc4
g5 60. Nd2 h5 61. Nb3 h4 62. Nxd4+ Nxd4 63. Kxd4 Kb6 1-0

[Event "Jack Boardman mem."]
[Site "Winnipeg CAN"]
[Date "2016.04.26"]
[Round "4"]
[White "Letain, Cory"]
[Black "Rutter, Blair"]
[Result "0-1"]
[WhiteElo "1647"]
[BlackElo "1948"]
[PlyCount "34"]
[EventDate "2016.04.05"]
[EventType "swiss"]
[EventRounds "4"]
[EventCountry "CAN"]

1. d4 d5 2. c4 e6 3. Nf3 Nf6 4. cxd5 exd5 5. Bf4 c6 6. Qa4 Bg4 7. Ne5 Bf5 8.
Nd2 Qb6 9. Nd3 Bxd3 10. exd3 Bb4 11. O-O-O Qxd4 12. Re1+ Kd7 13. Nc4 Qxf4+ 14.
Re3 Na6 15. g3 Qxf2 16. Ne5+ Kc7 17. Rf3 Qe1+ 0-1

[Event "Jack Boardman mem."]
[Site "Winnipeg CAN"]
[Date "2016.04.26"]
[Round "4"]
[White "Marshall, Ken"]
[Black "Skop, Mike"]
[Result "0-1"]
[WhiteElo "1324"]
[BlackElo "1676"]
[PlyCount "64"]
[EventDate "2016.04.05"]
[EventType "swiss"]
[EventRounds "4"]
[EventCountry "CAN"]

1. e4 d5 2. exd5 Qxd5 3. Nc3 Qd6 4. Nf3 Bg4 5. Be2 Bxf3 6. Bxf3 c6 7. d3 Nf6 8.
Ne4 Nxe4 9. dxe4 Qc7 10. O-O e6 11. Re1 Bd6 12. g3 Nd7 13. b3 O-O-O 14. Bb2 f5
15. e5 Nxe5 16. Qe2 Nxf3+ 17. Qxf3 Rhe8 18. a4 g6 19. a5 h5 20. c4 h4 21. Bf6
hxg3 22. Bxd8 gxf2+ 23. Qxf2 Qxd8 24. Qxa7 Qe7 25. a6 Bc5+ 26. Qxc5 Qxc5+ 27.
Kh1 bxa6 28. Rxa6 Kb7 29. Rea1 Rh8 30. R6a5 Qf2 31. Ra7+ Qxa7 32. Rxa7+ Kxa7
0-1

[Event "Jack Boardman mem."]
[Site "Winnipeg CAN"]
[Date "2016.04.26"]
[Round "4"]
[White "Valentino, Marcos"]
[Black "Huston-Earle, Joshua"]
[Result "1-0"]
[WhiteElo "2207"]
[BlackElo "1582"]
[PlyCount "53"]
[EventDate "2016.04.05"]
[EventType "swiss"]
[EventRounds "4"]
[EventCountry "CAN"]

1. d4 Nf6 2. c4 e6 3. Nf3 h6 4. a3 Be7 5. Nc3 b6 6. e4 Bb7 7. Bd3 d5 8. cxd5
exd5 9. e5 Nfd7 10. O-O Nf8 11. Be3 Ne6 12. Rc1 c5 13. Bf5 Nc6 14. dxc5 Bxc5
15. Bxc5 bxc5 16. Qxd5 Qxd5 17. Nxd5 O-O-O 18. Bxe6+ fxe6 19. Nf4 Rde8 20. Rxc5
Rhf8 21. Nd4 Rxf4 22. Nxc6 Bxc6 23. Rxc6+ Kb7 24. Rfc1 Re4 25. Rc7+ Kb6 26.
Rxg7 Rxe5 27. g3 1-0

[Event "January TNT"]
[Site "Winnipeg CAN"]
[Date "2016.01.05"]
[Round "1"]
[White "Clark, Jeff"]
[Black "Remillard, John"]
[Result "1/2-1/2"]
[WhiteElo "2057"]
[BlackElo "1715"]
[PlyCount "62"]
[EventDate "2016.01.05"]
[EventType "swiss"]
[EventRounds "4"]
[EventCountry "CAN"]

1. d4 c5 2. d5 g6 3. c4 Bg7 4. e4 Qb6 5. Qc2 e6 6. Bd3 exd5 7. exd5 Ne7 8. Ne2
O-O 9. O-O Qf6 10. Nbc3 d6 11. Ne4 Qe5 12. f4 Qh5 13. N2g3 Qg4 14. Nxd6 Nd7 15.
Nxc8 Nxc8 16. Bd2 Nd6 17. Rae1 Rfe8 18. b3 Nf6 19. a4 Rxe1 20. Rxe1 Re8 21.
Rxe8+ Nfxe8 22. Be3 b6 23. f5 Bd4 24. Bxd4 Qxd4+ 25. Kf1 Nf6 26. h3 Qf4+ 27.
Qf2 Qc1+ 28. Qe1 Qf4+ 29. Qf2 Qc1+ 30. Qe1 Qf4+ 31. Qf2 Qc1+ 1/2-1/2

[Event "January TNT"]
[Site "Winnipeg CAN"]
[Date "2016.01.05"]
[Round "1"]
[White "Einarsson, Ken"]
[Black "Wiebe, Isaac"]
[Result "0-1"]
[WhiteElo "1759"]
[BlackElo "2171"]
[PlyCount "80"]
[EventDate "2016.01.05"]
[EventType "swiss"]
[EventRounds "4"]
[EventCountry "CAN"]

1. d4 Nf6 2. c4 g6 3. Nc3 Bg7 4. Nf3 O-O 5. e4 d6 6. Be2 e5 7. dxe5 dxe5 8. O-O
Qe7 9. Bg5 c6 10. Qc2 Na6 11. Rad1 Bg4 12. a3 Bxf3 13. Bxf3 Nc5 14. Bg4 h6 15.
Bxf6 Qxf6 16. b4 Ne6 17. Rd6 Nd4 18. Rxf6 Nxc2 19. Rd6 Nxa3 20. c5 a5 21. bxa5
Rxa5 22. Ra1 Rfa8 23. Rd7 Rxc5 24. Nb1 Rc1+ 25. Bd1 Bf8 26. g3 b5 27. Kg2 b4
28. Bb3 Rxb1 29. Bxf7+ Kh8 30. Ra2 b3 31. Rad2 Nb5 32. Bxg6 Nd4 33. Rh7+ Kg8
34. Rb7 Ra5 35. Bf7+ Kh8 36. Rb8 Rb5 37. Rxb5 cxb5 38. f4 b2 39. Kh3 Ba3 40.
fxe5 Ra1 0-1

[Event "January TNT"]
[Site "Winnipeg CAN"]
[Date "2016.01.05"]
[Round "1"]
[White "Leaden, Bruce"]
[Black "Czypinski, Jaroslaw"]
[Result "0-1"]
[WhiteElo "1536"]
[BlackElo "1949"]
[PlyCount "100"]
[EventDate "2016.01.05"]
[EventType "swiss"]
[EventRounds "4"]
[EventCountry "CAN"]

1. e4 d5 2. exd5 Qxd5 3. Nc3 Qe5+ 4. Qe2 Qxe2+ 5. Bxe2 e5 6. d3 Nc6 7. Nf3 Nf6
8. O-O Bg4 9. h3 Bh5 10. g4 Bg6 11. a3 Bc5 12. Be3 Bb6 13. Bxb6 axb6 14. Nh4
O-O-O 15. f4 exf4 16. Rxf4 Nd4 17. Rc1 Rhe8 18. g5 Nh5 19. Bg4+ Kb8 20. Nxg6
fxg6 21. Bxh5 gxh5 22. Rf2 Re3 23. Kh2 Re5 24. Ne4 Nf5 25. Re1 Nd6 26. h4 Nf5
27. Kh3 g6 28. Rd2 Rd4 29. c3 Rd8 30. d4 Re7 31. Rde2 Rde8 32. Ng3 Rxe2 33.
Rxe2 Rxe2 34. Nxe2 Kc8 35. Ng3 Nd6 36. a4 Kd7 37. Kg2 Ke6 38. Kf3 Nc4 39. b4
Nb2 40. Ne4 Nxa4 41. c4 Nb2 42. c5 b5 43. Nf6 Nd3 44. d5+ Ke5 45. c6 bxc6 46.
dxc6 Nxb4 47. Nxh7 Nxc6 48. Ke3 Ne7 49. Nf6 Nf5+ 50. Kd3 Nxh4 0-1

[Event "January TNT"]
[Site "Winnipeg CAN"]
[Date "2016.01.05"]
[Round "1"]
[White "Rutter, Blair"]
[Black "Magyar, Peter"]
[Result "1-0"]
[WhiteElo "1929"]
[BlackElo "1508"]
[PlyCount "109"]
[EventDate "2016.01.05"]
[EventType "swiss"]
[EventRounds "4"]
[EventCountry "CAN"]

1. c4 c5 2. g3 e6 3. e4 d6 4. Nc3 a6 5. Bg2 Nf6 6. Nge2 Nbd7 7. d3 Be7 8. O-O
O-O 9. h3 Ne5 10. f4 Ned7 11. g4 e5 12. f5 Ne8 13. Ng3 Nb8 14. Nd5 Nc6 15.
Nxe7+ Qxe7 16. g5 Nd4 17. Be3 b5 18. b3 Bd7 19. Rc1 Nc6 20. Rf2 Rb8 21. f6 Qd8
22. Nf5 Kh8 23. fxg7+ Nxg7 24. Nxd6 Kg8 25. Nf5 Nd4 26. Bxd4 exd4 27. Nh6+ Kh8
28. h4 Be6 29. Qf3 Qc7 30. Nf5 Qe5 31. Ne7 Qd6 32. Nd5 Ne8 33. h5 Rb7 34. Bh3
Bxh3 35. Qxh3 Rg8 36. Rg2 h6 37. Qf5 Ng7 38. Qf3 hxg5 39. Nf6 Rf8 40. Rxg5 Ne6
41. Rg4 Rb6 42. Qf5 Ng5 43. Nd5 Nh3+ 44. Kg2 Nf4+ 45. Qxf4 Qxf4 46. Nxf4 Kh7
47. Nd5 Rd6 48. cxb5 axb5 49. Rxc5 Rb8 50. Rc2 Rf8 51. Kh3 Rdd8 52. Rc7 Ra8 53.
Nb4 Kh6 54. Kh4 f5 55. Rg6# 1-0

[Event "January TNT"]
[Site "Winnipeg CAN"]
[Date "2016.01.05"]
[Round "1.4"]
[White "Evans, Jason"]
[Black "Kernetsky, Myron"]
[Result "0-1"]
[WhiteElo "1652"]
[BlackElo "2050"]
[PlyCount "60"]
[EventDate "2016.01.05"]
[EventType "swiss"]
[EventRounds "4"]
[EventCountry "CAN"]

1. e4 e6 2. d4 d5 3. Nd2 Nf6 4. e5 Nfd7 5. Bd3 c5 6. c3 Nc6 7. Ne2 Rb8 8. O-O
b5 9. f4 g6 10. Nf3 b4 11. Bc2 Ba6 12. Ba4 Bb5 13. Bxb5 Rxb5 14. Bd2 Be7 15. h3
Qb6 16. Kh1 Qa6 17. dxc5 bxc3 18. Bxc3 Nxc5 19. Ned4 Nxd4 20. Nxd4 Rb7 21. Rf3
Ne4 22. Qc2 Rc7 23. a3 h5 24. b4 O-O 25. Qb2 Qa4 26. Rc1 h4 27. Nb3 Rfc8 28.
Bd4 Rxc1+ 29. Nxc1 Qd1+ 30. Kh2 Rxc1 0-1

[Event "January TNT"]
[Site "Winnipeg CAN"]
[Date "2016.01.05"]
[Round "1.4"]
[White "Le Dorze, Phil"]
[Black "Russo, Max"]
[Result "1-0"]
[WhiteElo "1849"]
[BlackElo "1443"]
[PlyCount "119"]
[EventDate "2016.01.05"]
[EventType "swiss"]
[EventRounds "4"]
[EventCountry "CAN"]

1. d4 d5 2. c4 c6 3. Nc3 Bf5 4. Nf3 Nf6 5. Bf4 Nbd7 6. e3 e6 7. Be2 Be7 8. O-O
O-O 9. Nh4 Bg6 10. Nxg6 hxg6 11. h3 dxc4 12. Bxc4 Nb6 13. Bb3 Bd6 14. Bg5 Be7
15. e4 Qd7 16. a4 Rad8 17. a5 Na8 18. e5 Nh7 19. Bxe7 Qxe7 20. Ne4 Nc7 21. Nd6
Nb5 22. Nxb5 cxb5 23. Qd3 a6 24. Rfd1 Rd7 25. Rd2 Rfd8 26. Qe3 Qb4 27. Rad1
Qxa5 28. d5 Nf8 29. dxe6 Rxd2 30. Rxd2 fxe6 31. Rd6 Qc7 32. Bxe6+ Nxe6 33. Rxe6
Qf7 34. Rd6 Re8 35. Qd4 Qc7 36. f4 Rf8 37. Kh2 Qf7 38. g3 Rc8 39. e6 Qf6 40.
Qd2 Qe7 41. h4 Kf8 42. Kh3 Ke8 43. Qd3 Qf6 44. g4 Ke7 45. Rd7+ Ke8 46. e7 Qb6
47. Rd6 Qc7 48. Qxg6+ Kxe7 49. Re6+ Kf8 50. Rd6 Qe7 51. Qf5+ Kg8 52. Qxc8+ Kh7
53. Qf5+ Kg8 54. Qe6+ Qxe6 55. Rxe6 Kf7 56. Rb6 Ke7 57. Rxb7+ Kd6 58. Rxg7 a5
59. h5 a4 60. h6 1-0

[Event "January TNT"]
[Site "Winnipeg CAN"]
[Date "2016.01.05"]
[Round "1.4"]
[White "Skop, Mike"]
[Black "Bince, Rolando"]
[Result "0-1"]
[WhiteElo "1626"]
[BlackElo "1976"]
[PlyCount "44"]
[EventDate "2016.01.05"]
[EventType "swiss"]
[EventRounds "4"]
[EventCountry "CAN"]

1. e4 e6 2. d4 d5 3. e5 c5 4. c4 Nc6 5. Nf3 cxd4 6. Nxd4 Bb4+ 7. Nc3 Qa5 8. Nb3
Bxc3+ 9. bxc3 Qxc3+ 10. Bd2 Qxe5+ 11. Be3 Nf6 12. Be2 O-O 13. O-O dxc4 14. Bxc4
Rd8 15. Qf3 Qe4 16. Qe2 b6 17. f3 Qg6 18. Rad1 Nd5 19. Bd3 Qf6 20. Bd2 Bb7 21.
Qe4 g6 22. Qg4 Ne5 0-1

[Event "January TNT"]
[Site "Winnipeg CAN"]
[Date "2016.01.05"]
[Round "1.4"]
[White "Trueman, Francis"]
[Black "Prince, Colin"]
[Result "0-1"]
[WhiteElo "1473"]
[BlackElo "1920"]
[PlyCount "58"]
[EventDate "2016.01.05"]
[EventType "swiss"]
[EventRounds "4"]
[EventCountry "CAN"]

1. Nf3 Nf6 2. d3 g6 3. g3 d6 4. Bg2 Bg7 5. O-O Nbd7 6. Nbd2 c6 7. Re1 e5 8. e4
Nf8 9. a4 Ne6 10. c3 O-O 11. a5 Nc5 12. Nc4 Be6 13. b4 Ncxe4 14. Qc2 Bxc4 15.
dxc4 d5 16. Nxe5 Re8 17. f4 Rc8 18. Be3 Nd6 19. cxd5 Nxd5 20. Bxd5 cxd5 21.
Bxa7 Nb5 22. Bc5 Rxc5 23. bxc5 Qc7 24. Nd3 Re4 25. Rxe4 dxe4 26. Nf2 Nxc3 27.
Nxe4 Nxe4 28. Qxe4 Qxc5+ 29. Kf1 Bxa1 0-1

[Event "January TNT"]
[Site "Winnipeg CAN"]
[Date "2016.01.05"]
[Round "1.4"]
[White "Wasserman, Leor"]
[Black "Czarny, Keith"]
[Result "1/2-1/2"]
[WhiteElo "2024"]
[BlackElo "1638"]
[PlyCount "59"]
[EventDate "2016.01.05"]
[EventType "swiss"]
[EventRounds "4"]
[EventCountry "CAN"]

1. e4 e5 2. Nf3 Nc6 3. c3 Nf6 4. d4 exd4 5. e5 Nd5 6. Qb3 Nb6 7. cxd4 Bb4+ 8.
Bd2 Bxd2+ 9. Nbxd2 O-O 10. Bd3 d6 11. O-O dxe5 12. dxe5 Be6 13. Qc3 Nd5 14. Qc1
Nf4 15. Bc4 Na5 16. Re1 Bxc4 17. Nxc4 Nd3 18. Qc3 Nxe1 19. Nxa5 Nxf3+ 20. Qxf3
b6 21. Nc6 Qd7 22. Rd1 Qe6 23. b3 g6 24. Qe4 a6 25. f4 Kg7 26. h3 h5 27. Nd4
Qe7 28. Nc6 Qe6 29. Nd4 Qe7 30. Nc6 1/2-1/2

[Event "January TNT"]
[Site "Winnipeg CAN"]
[Date "2016.01.05"]
[Round "1.4"]
[White "Wolchock, Theo"]
[Black "Letain, Cory"]
[Result "1/2-1/2"]
[WhiteElo "1950"]
[BlackElo "1583"]
[PlyCount "65"]
[EventDate "2016.01.05"]
[EventType "swiss"]
[EventRounds "4"]
[EventCountry "CAN"]

1. c4 Nf6 2. g3 g6 3. Bg2 Bg7 4. Nc3 O-O 5. Nf3 c5 6. O-O Nc6 7. d4 d6 8. e3
Bf5 9. Re1 e5 10. d5 Ne7 11. e4 Bd7 12. a3 Ne8 13. b4 b6 14. Bb2 f5 15. Qe2 f4
16. Rf1 Bh6 17. Nd1 Ng7 18. Nxe5 dxe5 19. Bxe5 Nh5 20. Bf3 Bg7 21. Bxg7 Nxg7
22. Nc3 g5 23. b5 Ng6 24. e5 Nf5 25. d6 Nd4 26. Bd5+ Kg7 27. Qd1 Nxe5 28. Ne2
Bg4 29. Nxd4 Bxd1 30. Ne6+ Kf6 31. Nxd8 Raxd8 32. Raxd1 Rxd6 33. Rfe1 1/2-1/2

[Event "January TNT"]
[Site "Winnipeg CAN"]
[Date "2016.01.12"]
[Round "2.4"]
[White "Atem, James"]
[Black "Leaden, Bruce"]
[Result "1-0"]
[WhiteElo "1831"]
[BlackElo "1536"]
[PlyCount "67"]
[EventDate "2016.01.05"]
[EventType "swiss"]
[EventRounds "4"]
[EventCountry "CAN"]

1. c4 b6 2. Nc3 Bb7 3. e4 e5 4. Nf3 Nc6 5. d3 Bb4 6. Bd2 Nge7 7. a3 Bxc3 8.
Bxc3 d6 9. b4 Ng6 10. b5 Nce7 11. Qd2 O-O 12. h4 Nf4 13. g3 Ne6 14. Bg2 f5 15.
Bh3 Kh8 16. Qe2 fxe4 17. dxe4 Nc5 18. Nd2 a6 19. a4 axb5 20. axb5 Rxa1+ 21.
Bxa1 Qa8 22. O-O Nxe4 23. Nxe4 Bxe4 24. Bb2 Rf6 25. Ra1 Qb7 26. f4 Ng6 27. h5
Nxf4 28. gxf4 Rxf4 29. Rf1 Rxf1+ 30. Qxf1 Qa8 31. Qf7 Qd8 32. Bc1 Bb7 33. Kh2
Bc8 34. Bg5 1-0

[Event "January TNT"]
[Site "Winnipeg CAN"]
[Date "2016.01.12"]
[Round "2.4"]
[White "Bince, Rolando"]
[Black "Baron, Gustav"]
[Result "1-0"]
[WhiteElo "1976"]
[BlackElo "2197"]
[PlyCount "80"]
[EventDate "2016.01.05"]
[EventType "swiss"]
[EventRounds "4"]
[EventCountry "CAN"]

1. e4 e5 2. Nf3 Nc6 3. Bb5 Nf6 4. O-O Nxe4 5. d4 Nd6 6. Bxc6 dxc6 7. dxe5 Nf5
8. Qxd8+ Kxd8 9. b3 Be7 10. Rd1+ Ke8 11. Nc3 h6 12. g4 Nh4 13. Nxh4 Bxh4 14.
Kg2 Be6 15. Be3 b6 16. Rd2 Rd8 17. Rad1 Rxd2 18. Rxd2 f5 19. exf6 Bxf6 20. Bd4
Kf7 21. Bxf6 gxf6 22. Kg3 h5 23. f3 f5 24. g5 h4+ 25. Kf4 Kg6 26. Nd1 Rh5 27.
Ne3 Rxg5 28. Rg2 Rxg2 29. Nxg2 Kh5 30. a3 c5 31. Ne3 Kg6 32. Ng2 b5 33. Nxh4+
Kf6 34. Ng2 a5 35. c3 b4 36. Ne3 Ke7 37. h4 Kd6 38. h5 Kc6 39. h6 Bg8 40. c4
Kd6 1-0